KOHA-Header-6

Shakespeare Measure For Measure (Record no. 6023)

000 -LEADER
fixed length control field 00264nam a2200109Ia 4500
008 - FIXED-LENGTH DATA ELEMENTS--GENERAL INFORMATION
fixed length control field 190906s9999||||xx |||||||||||||| ||und||
100 ## - MAIN ENTRY--PERSONAL NAME
Personal name Coles and Gibson
245 #0 - TITLE STATEMENT
Title Shakespeare Measure For Measure
260 ## - PUBLICATION, DISTRIBUTION, ETC. (IMPRINT)
Place of publication, distribution, etc UK
Name of publisher, distributor, etc Cambridge
Date of publication, distribution, etc 1993
300 ## - PHYSICAL DESCRIPTION
Extent 188
942 ## - ADDED ENTRY ELEMENTS (KOHA)
Koha item type Books
Holdings
Withdrawn status Lost status Source of classification or shelving scheme Damaged status Not for loan Collection code Permanent Location Current Location Shelving location Date acquired Total Checkouts Full call number Barcode Date last seen Date checked out Price effective from Koha item type
            MAJU MAJU Shelf No.A23 2019-09-06 2 346.549 971 2023-03-11 2023-03-03 2019-09-06 English Literature

Powered by Koha